MDQL
is popping MORE tags! Check the
thread
!
Quizzes
Events
Quiz Creation
Community
Videos
Private Events
Remove Ads
Sign In
Join for FREE
Feedback
Dark Mode
Quiz Categories
Sports
Geography
Music
Movies
Television
Just For Fun
Miscellaneous
History
Literature
Language
Science
Gaming
Entertainment
Religion
Holiday
For Kids
Quiz Lab
Recent
Popular Today
Quiz Kudos Today
Editor Picks
Curator Picks
Quizzes by...
Day
Popularity
Type
Ratings
Length
Year
Community
Subscriptions
Recent Discussions
Orange Saloon
Badges
Playlists
Quests
Create
Leaderboards
Showdown
Live 5
Trivia Bingo
Activity
Puzzle Library
Sporcle Events
Private Events
Virtual Trivia
Globe League
Become a Host
Pub Owners
SporcleCon
Opinionation
Our Games
Videos
Blog
Mobile Apps
Partnerships
Remove Ads and Go Orange
Feedback
Geography
Country
Landmarks
City
State
Population
World
Capital
Continent
Flags
Europe
Africa
Asia
South America
North America
Oceania
Border
Canada
United Kingdom
Topography
United States
Geography
Country
Landmarks
City
State
Population
World
Capital
Continent
Flags
Europe
Africa
Asia
South America
North America
Oceania
Border
Canada
United Kingdom
Topography
United States
Random Quiz
Search Sporcle
×
Quiz Lab
Quiz Lab
Geography
Alphabet
Type in answers that appear in a list
Type in answers that appear in a list
Classic
Best Score? Go Orange.
State's 'A' Cities Stats
Can you name the U.S. state by its largest city that starts with A?
By
purplebackpack89
5m
50 Questions
142 Plays
142 Plays
142 Plays
Comments
Comments
Give Quiz Kudos
Give Quiz Kudos
-
- Ratings
hide this ad
More Info
Forced Order
Answers have to be entered in order
Answers have to be entered in order
Random Order
Randomize order of answers
Randomize order of answers
Replay
Link that replays current quiz
Next Quiz
Link to next quiz in quiz playlist
You Got
0%
They Got
Avg Score
50%
Avg Friend Score
Upgrade to see
Score Distribution
Jump to the score distribution portion of the page
Score
0/50
Timer
05:00
0
Plays Today
City
State
% Correct
Atlanta
Georgia
97.2%
Ann Arbor
Michigan
97.2%
Albuquerque
New Mexico
97.2%
Anchorage
Alaska
95.8%
Annapolis
Maryland
95.8%
Atlantic City
New Jersey
95.8%
Austin
Texas
95.8%
Anaheim
California
95.1%
Albany (12201)
New York
94.4%
Akron
Ohio
94.4%
Allentown
Pennsylvania
88.7%
Asheville
North Carolina
87.3%
Arlington (22210)
Virginia
87.3%
Aurora (80017)
Colorado
84.5%
Aurora (60505)
Illinois
83.1%
Ames
Iowa
82.4%
Appleton
Wisconsin
70.4%
Arkadelphia
Arkansas
65.5%
Auburn (36830)
Alabama
64.8%
Albany (97321)
Oregon
51.4%
Auburn (98002)
Washington
51.4%
Aberdeen
South Dakota
47.9%
Auburn (04210)
Maine
45.1%
Aiea
Hawaii
44.4%
Arkansas City
Kansas
44.4%
City
State
% Correct
Aiken
South Carolina
43%
Anderson
Indiana
37.3%
Apple Valley
Minnesota
35.2%
Attleboro
Massachusetts
33.8%
Arlington (05250)
Vermont
33.8%
Alexandria
Louisiana
33.1%
Avondale
Arizona
28.9%
Altamonte Springs
Florida
28.9%
Anaconda
Montana
28.2%
Ashland
Kentucky
27.5%
Arden (89118)
Nevada
26.1%
American Fork
Utah
26.1%
Arden (19810)
Delaware
25.4%
Ardmore
Oklahoma
25.4%
Amherst Township
New Hampshire
19%
Alliance
Nebraska
15.5%
Ansonia
Connecticut
14.8%
Athens
Tennessee
14.8%
Ammon
Idaho
12%
Amory
Mississippi
12%
Ashley
North Dakota
10.6%
Afton
Wyoming
10.6%
Arnold
Missouri
9.2%
Ashaway
Rhode Island
7%
Ansted
West Virginia
4.9%
Quiz Playlist
Details
Report
Send in Message
Add To Playlist
More Info:
As of 2009 in the World Almanac, if over 10,000. 3 Auburns and 2 each Albany, Arden, Arlington and Aurora; differentiated by ZIP Code
Classic:
Type in answers that appear in a list
Forced Order:
Answers have to be entered in order
Random Order:
Randomize order of answers
Last Updated: Feb 16, 2017
Quiz Scoreboard
CHALLENGE
Sign Up to Join the Scoreboard
Show All
Scores
Hide
Comments
May contain spoilers
Recently Published
Holiday 10x10 Sorting Gallery
by lukepisani3
Holiday
15m
Two Season TV Shows II
by 123Four
Television
10m
Image Sorting: Flags VI
by Barbecue
Geography
2m
More to Explore
Quiz From the Vault
Featured Blog Post
14 Easter Pick-up Lines to Find Eggs With
hide this ad
You Might Also Like...
Tags
Alphabet Quiz
Population Quiz
US Cities
Today's Top Quizzes in Geography
Browse Geography
hide this ad
Today's Top Quizzes in Alphabet
Browse Alphabet
Top Contributed Quizzes in Geography
1
Colored Red Europe Blitz I
2
Countries of the World - No Outlines Minefield
3
Colored Red Africa Blitz II
4
Colored Red Europe Blitz II
5
Colored Red Europe Blitz III
6
Colored Red Africa Blitz III
7
Colored Red States Blitz I
8
A Different View: World Oceans
9
Colored Red States Blitz II
10
Colored Red States Blitz III
Explore More
Trending Topics
Kpop
Anime
Harry Potter
Marvel
Crossword
Disney
NBA
Country
Puzzle
WWE
Song
The Office
Pokémon
NFL
Soccer
hide this ad
More By:
purplebackpack89
Quiz
Plays
Rating
Category
Featured
Created
NBA Top 5 Scorers By 5-Year Period
153,458
4.77
Sports
Feb 1, 2016
NBA Top 5 Playoff Scorers By 5-Year Period
75,876
4.83
Sports
Dec 15, 2016
NCAA Tournament Cities
56,829
4.55
Sports
Mar 14, 2011
MLB by County
52,926
4.38
Sports
May 23, 2011
American Historical Figures Logic Puzzle
25,539
4.19
History
Dec 12, 2012
Go to Creator's Profile
Score Distribution
Quiz Creator Spotlight
purplebackpack89
Follow
Send a Message
Quizzes Created
-
Created Quiz Play Count
-
More By This Creator
Popular Quizzes Today
1
Find the US States - No Outlines Minefield
2
Colored Red Africa Blitz
3
Find the 'City' Movie
4
The Countries of the World
5
5x2 Blitz: Bands
6
Find the Countries of Europe - No Outlines Minefield
7
Find the US States
8
US States
More Geography Quizzes
Asia per 2nd Letter
Published
Trending Quizzes
Colored Red Europe Blitz I
Colored Red Europe Blitz II
Colored Red Africa Blitz II
Even More Two Season TV Shows
Colored Red Africa Blitz III
Recently Updated
Odd Team Out - Big 4 Players
pecheneg
Quick Pick: 20 Twenties
pecheneg
March Madness Men's Triple Doubles
pecheneg
How Do You Spell That?
pecheneg
Godzilla Movies
pecheneg
Grab Bag: 4-10 Letters
pecheneg
2024 March Madness Bracket
pecheneg
Famous TV Couples
Peacemaker
Champions League XIs: Real Madrid
pecheneg
Largest US Cities 1790-2010
pecheneg
Trending Topics
Harry Potter
Disney
Anime
NBA
Marvel
Crossword
Kpop
Country
WWE
NFL
Song
Puzzle
The Office
Pokémon
Soccer
Your Account Isn't Verified!
In order to create a playlist on Sporcle, you need to verify the email address you used during registration. Go to your
Sporcle Settings
to finish the process.
Report this User
Report this user for behavior that violates our
Community Guidelines
.
Details:
Send Report
Go to the Sporcle.com Mobile Site →
Comments